[Event "Sautron op 17th"]
[Site "Sautron"]
[Date "2017.10.21"]
[Round "1.3"]
[White "Le Bailly, Baptiste"]
[Black "Gascon del Nogal, Jose Rafael"]
[Result "0-1"]
[WhiteElo "2035"]
[BlackElo "2468"]
[PlyCount "40"]
[EventDate "2017.10.22"]
[EventType "swiss"]
[EventRounds "9"]
[EventCountry "FRA"]
[SourceTitle "CBM 181 Extra"]
[Source "ChessBase"]
[SourceDate "2017.12.12"]
[SourceVersion "1"]
[SourceVersionDate "2017.12.12"]
[SourceQuality "1"]

1. e4 c5 2. Nc3 Nc6 3. Nge2 g6 4. d4 cxd4 5. Nxd4 Bg7 6. Be3 Nf6 7. Bc4 0-0 8. Bb3 d6 9. f3 Bd7 10. Qd2 Nxd4 11. Bxd4 b5 12. 0-0-0 a5 13. e5 dxe5 14. Bxe5 a4 15. Bxf6 axb3 16. Bxg7 bxa2 17. Nxa2 Rxa2 18. Qd4 Bf5 19. c3 e5 20. Bxe5 Qg5+ 0-1

[Event "Sautron op 15th"]
[Site "Sautron"]
[Date "2015.10.23"]
[Round "6.53"]
[White "Le Bailly, Baptiste"]
[Black "Gayon, Benoit"]
[Result "1-0"]
[WhiteElo "2067"]
[BlackElo "1877"]
[PlyCount "37"]
[EventDate "2015.10.24"]
[EventType "swiss"]
[EventRounds "9"]
[EventCountry "FRA"]
[SourceTitle "EXT 2019"]
[Source "ChessBase"]
[SourceDate "2018.10.10"]
[SourceVersion "1"]
[SourceVersionDate "2018.10.10"]
[SourceQuality "1"]

1. e4 e5 2. Nf3 Nc6 3. Nc3 Nf6 4. d4 exd4 5. Nxd4 Bc5 6. Be3 Nxd4 7. Bxd4 Bxd4 8. Qxd4 0-0 9. e5 Ne8 10. 0-0-0 Qg5+ 11. f4 Qh6 12. Kb1 d6 13. Be2 dxe5 14. fxe5 c6 15. Qd8 b6 16. Bc4 Qg6 17. Rhf1 Bb7 18. Qe7 Rb8 19. Rd7 1-0

[Event "FRA-chT2 West 0607"]
[Site "France"]
[Date "2007.03.17"]
[Round "8.1"]
[White "Bossard, Arnaud"]
[Black "Le Bailly, Baptiste"]
[Result "1/2-1/2"]
[WhiteElo "2199"]
[BlackElo "2141"]
[PlyCount "86"]
[EventDate "2006.10.15"]
[EventType "team"]
[EventRounds "11"]
[EventCountry "FRA"]
[SourceTitle "EXT 2008"]
[Source "ChessBase"]
[SourceDate "2007.11.25"]
[SourceVersion "1"]
[SourceVersionDate "2007.11.25"]
[SourceQuality "1"]
[WhiteTeam "Tours"]
[BlackTeam "Guingamp II"]
[WhiteTeamCountry "FRA"]
[BlackTeamCountry "FRA"]

1. d4 d5 2. Nf3 e6 3. e3 Nf6 4. Bd3 Be7 5. b3 0-0 6. 0-0 Nbd7 7. Bb2 c5 8. Ne5 Nxe5 9. dxe5 Nd7 10. f4 f5 11. c4 dxc4 12. Bxc4 Nb6 13. Bd3 Nd5 14. Qe2 Nb4 15. Bc4 a6 16. Rd1 Qe8 17. a3 b5 18. axb4 bxc4 19. Qxc4 Qc6 20. Nd2 Bb7 21. Qe2 Qb5 22. Qxb5 axb5 23. bxc5 Bxc5 24. Kf2 Rxa1 25. Rxa1 Rd8 26. Bd4 Bxd4 27. exd4 Rxd4 28. Ke3 Rd7 29. Ra7 Kf7 30. Nf3 Ke7 31. Nd4 Bxg2 32. Rxd7+ Kxd7 33. Nxb5 Kc6 34. Nd6 Kc5 35. Ne8 g6 36. Nf6 h6 37. h4 Bc6 38. Nh7 Bd5 39. b4+ Kxb4 40. Kd4 Kb5 41. Nf8 h5 42. Nxg6 Kb6 43. Ne7 Bb3 1/2-1/2

[Event "Hastings Masters op 81st"]
[Site "Hastings"]
[Date "2006.01.03"]
[Round "7"]
[White "Arngrimsson, Dagur"]
[Black "Le Bailly, Baptiste"]
[Result "0-1"]
[WhiteElo "2289"]
[BlackElo "2106"]
[PlyCount "80"]
[EventDate "2005.12.28"]
[EventType "swiss"]
[EventRounds "10"]
[EventCountry "ENG"]
[SourceTitle "CBM 110 Extra"]
[Source "ChessBase"]
[SourceDate "2006.03.10"]
[SourceVersion "2"]
[SourceVersionDate "2006.03.10"]
[SourceQuality "1"]

1. e4 e5 2. Nf3 Nc6 3. Bc4 Nf6 4. d3 Bc5 5. c3 d6 6. 0-0 0-0 7. Nbd2 a6 8. Bb3 Ba7 9. Nc4 Ne7 10. Re1 Ng4 11. d4 b5 12. Ne3 c5 13. h3 Nxe3 14. Bxe3 c4 15. Bc2 Qc7 16. Nh4 Be6 17. f4 f5 18. Kh1 fxe4 19. Bxe4 d5 20. Bxh7+ Kxh7 21. Nf3 Kg8 22. Ng5 Bf7 23. fxe5 Qc6 24. e6 Bg6 25. Qg4 Rf6 26. Bf4 Bb8 27. Be5 Bxe5 28. dxe5 Rf5 29. h4 Raf8 30. h5 Rf4 31. Qh3 Bf5 32. Qe3 Bxe6 33. Kg1 d4 34. cxd4 Bd5 35. Qd2 b4 36. Rf1 c3 37. bxc3 bxc3 38. Qd3 Rxf1+ 39. Rxf1 Rxf1+ 40. Kxf1 Qb5 0-1

[Event "Hastings Masters op 81st"]
[Site "Hastings"]
[Date "2006.01.02"]
[Round "6"]
[White "Le Bailly, Baptiste"]
[Black "Pafura, Godfrey"]
[Result "1-0"]
[WhiteElo "2106"]
[BlackElo "2105"]
[PlyCount "105"]
[EventDate "2005.12.28"]
[EventType "swiss"]
[EventRounds "10"]
[EventCountry "ENG"]
[SourceTitle "CBM 110 Extra"]
[Source "ChessBase"]
[SourceDate "2006.03.10"]
[SourceVersion "2"]
[SourceVersionDate "2006.03.10"]
[SourceQuality "1"]

1. e4 c6 2. d4 d5 3. Nd2 dxe4 4. Nxe4 Bf5 5. Ng3 Bg6 6. h4 h6 7. Nf3 Nd7 8. h5 Bh7 9. Bd3 Bxd3 10. Qxd3 e6 11. Bd2 Ngf6 12. c4 Be7 13. 0-0-0 b5 14. Kb1 b4 15. Rhe1 0-0 16. Ne4 a5 17. Nxf6+ Bxf6 18. g4 Re8 19. Bf4 a4 20. Ne5 b3 21. a3 c5 22. Nxf7 Kxf7 23. dxc5 Nf8 24. Qe4 Qc8 25. Bd6 Ra6 26. f4 Qc6 27. Qe2 Raa8 28. Rg1 e5 29. fxe5 Bg5 30. Qd3 Qd7 31. Qf3+ Kg8 32. Bxf8 Qe6 33. Bd6 Qxc4 34. Qd5+ Qxd5 35. Rxd5 Rac8 36. Rf1 Rc6 37. Rd4 Ra6 38. Rc4 Rc8 39. Re1 Kf7 40. Ree4 Ke6 41. Rxa4 Rac6 42. Rab4 Be7 43. Rxb3 Rf8 44. Bxe7 Kxe7 45. Rb7+ Ke6 46. Rxg7 Rxc5 47. Rg6+ Kd5 48. Re2 Rf1+ 49. Ka2 Rcc1 50. Rd6+ Kc5 51. Rd8 Ra1+ 52. Kb3 Rf3+ 53. Kc2 1-0

[Event "FRA-chT3 0405"]
[Site "France"]
[Date "2004.12.05"]
[Round "4"]
[White "Desurmont, Sylvain"]
[Black "Le Bailly, Baptiste"]
[Result "1/2-1/2"]
[WhiteElo "1960"]
[BlackElo "2107"]
[PlyCount "61"]
[EventDate "2004.10.10"]
[EventType "team"]
[EventRounds "9"]
[EventCountry "FRA"]
[SourceTitle "EXT 2007"]
[Source "ChessBase"]
[SourceDate "2006.11.23"]
[SourceVersion "1"]
[SourceVersionDate "2006.11.23"]
[SourceQuality "1"]

1. d4 Nf6 2. e3 e6 3. Bd3 c5 4. c3 Nc6 5. f4 Be7 6. Nf3 0-0 7. 0-0 b6 8. Nbd2 Bb7 9. Ne4 Nxe4 10. Bxe4 f5 11. Bc2 d5 12. Bd2 b5 13. dxc5 Bxc5 14. Nd4 Nxd4 15. exd4 Bd6 16. Qe2 Qd7 17. Rae1 Rf6 18. Rf3 a5 19. a3 Bc6 20. Bd3 Rb8 21. Rh3 b4 22. axb4 axb4 23. Rf3 Bb5 24. cxb4 Bxd3 25. Qxd3 Bxb4 26. Bxb4 Rxb4 27. b3 Qa7 28. Rd1 Qb6 29. Qc3 Rf8 30. Rfd3 Rb8 31. Rb1 1/2-1/2

[Event "FRA-chT2 0304"]
[Site "France"]
[Date "2004.03.14"]
[Round "9"]
[White "Le Bailly, Baptiste"]
[Black "Derouineau, Jacques"]
[Result "1-0"]
[WhiteElo "2085"]
[BlackElo "2047"]
[PlyCount "61"]
[EventDate "2003.10.??"]
[EventType "team"]
[EventRounds "11"]
[EventCountry "FRA"]
[SourceTitle "EXT 2005"]
[Source "ChessBase"]
[SourceDate "2004.11.15"]
[SourceVersion "1"]
[SourceVersionDate "2004.11.15"]
[SourceQuality "1"]

1. e4 e5 2. Nf3 d6 3. d4 Nd7 4. Bc4 c6 5. Nc3 Be7 6. 0-0 Ngf6 7. Bb3 0-0 8. h3 Qc7 9. Be3 b6 10. Re1 Bb7 11. Nh2 a6 12. f4 c5 13. fxe5 dxe5 14. dxc5 Nxc5 15. Bxc5 Bxc5+ 16. Kh1 Rad8 17. Qe2 Bb4 18. Ng4 Nh5 19. Nh6+ gxh6 20. Qxh5 Bxc3 21. bxc3 Qxc3 22. Qxh6 Qg3 23. Re3 Qg6 24. Qh4 Kh8 25. Rg3 Qd6 26. Rf1 f5 27. exf5 e4 28. f6 Rd7 29. Qg5 h6 30. Qg7+ Rxg7 31. fxg7+ 1-0

[Event "FRA-chT2 0304"]
[Site "France"]
[Date "2003.12.07"]
[Round "4"]
[White "Le Bailly, Baptiste"]
[Black "Demanghon, Jonathan"]
[Result "1/2-1/2"]
[WhiteElo "2082"]
[BlackElo "2127"]
[PlyCount "141"]
[EventDate "2003.10.??"]
[EventType "team"]
[EventRounds "11"]
[EventCountry "FRA"]
[SourceTitle "EXT 2005"]
[Source "ChessBase"]
[SourceDate "2004.11.15"]
[SourceVersion "1"]
[SourceVersionDate "2004.11.15"]
[SourceQuality "1"]
[WhiteTeam "Guingamp"]
[BlackTeam "Rennes"]
[WhiteTeamCountry "FRA"]
[BlackTeamCountry "FRA"]

1. Nf3 Nf6 2. c4 c5 3. Nc3 b6 4. e4 d6 5. d3 g6 6. Be2 Bg7 7. 0-0 0-0 8. e5 dxe5 9. Nxe5 Bb7 10. Bf3 Qc8 11. Bxb7 Qxb7 12. Qf3 Qxf3 13. Nxf3 Nc6 14. Rb1 Rfd8 15. Rd1 Rd7 16. Kf1 Rad8 17. Ke2 Ng4 18. Bf4 Nge5 19. Nxe5 Bxe5 20. Bxe5 Nxe5 21. Nd5 Kg7 22. f4 Nc6 23. Rd2 e6 24. Nc3 f5 25. g3 Kf6 26. Ke3 h6 27. Rbd1 g5 28. Rg1 Kg6 29. Rgd1 Nd4 30. Ne2 Kf6 31. Nxd4 Rxd4 32. b3 gxf4+ 33. gxf4 Rg8 34. Rf1 Rg4 35. Rdf2 Rh4 36. Rd1 Rd7 37. Rdd2 Rd4 38. Rf3 e5 39. fxe5+ Kxe5 40. Rdf2 f4+ 41. Kd2 Kf5 42. Ke2 Rg4 43. Kd2 h5 44. Kc3 Rg1 45. b4 Rc1+ 46. Kb2 Re1 47. bxc5 bxc5 48. Kc3 h4 49. h3 Rc1+ 50. Kd2 Rg1 51. Kc3 Rg3 52. Kd2 Rxf3 53. Rxf3 Rd6 54. Ke1 Rb6 55. Rf2 Rb1+ 56. Ke2 Rb2+ 57. Kf3 Rxf2+ 58. Kxf2 Ke5 59. Kf3 Kd4 60. Kxf4 Kxd3 61. Kg4 Kxc4 62. Kxh4 Kb4 63. Kg4 c4 64. Kf3 Kc3 65. h4 Kb2 66. h5 c3 67. h6 c2 68. h7 c1Q 69. h8Q+ Kxa2 70. Qg8+ Ka1 71. Qg7+ 1/2-1/2

[Event "FRA-chT2 0304"]
[Site "France"]
[Date "2003.11.15"]
[Round "2"]
[White "Deslandes, Pascal"]
[Black "Le Bailly, Baptiste"]
[Result "1-0"]
[WhiteElo "2273"]
[BlackElo "2082"]
[PlyCount "91"]
[EventDate "2003.10.??"]
[EventType "team"]
[EventRounds "11"]
[EventCountry "FRA"]
[SourceTitle "EXT 2005"]
[Source "ChessBase"]
[SourceDate "2004.11.15"]
[SourceVersion "1"]
[SourceVersionDate "2004.11.15"]
[SourceQuality "1"]
[WhiteTeam "Le Vesinet"]
[BlackTeam "Guingamp"]
[WhiteTeamCountry "FRA"]
[BlackTeamCountry "FRA"]

1. e4 c5 2. c3 Nf6 3. e5 Nd5 4. Nf3 Nc6 5. Bc4 Nb6 6. Be2 g6 7. d4 cxd4 8. cxd4 Bg7 9. Bf4 d6 10. exd6 exd6 11. Nc3 Bf5 12. 0-0 0-0 13. Qd2 Re8 14. Rfe1 a6 15. Bh6 Bh8 16. d5 Ne5 17. Nxe5 Bxe5 18. Be3 Rc8 19. Bd4 Nc4 20. Bxc4 Rxc4 21. Bxe5 dxe5 22. Qe2 b5 23. Rad1 Qb6 24. h3 h5 25. a3 f6 26. Rd2 Rd8 27. Red1 Rd6 28. Kh1 Kg7 29. a4 Qc5 30. axb5 axb5 31. f3 h4 32. Ra1 Qb4 33. Ra7+ Rd7 34. Ra8 Qd6 35. Ra5 Rb7 36. Rxb5 Rxb5 37. Qxc4 Rc5 38. Qxh4 e4 39. fxe4 g5 40. Qe1 Bg6 41. Qe3 Rc4 42. g4 Qa6 43. Qd3 Qa1+ 44. Rd1 Rxc3 45. bxc3 Bxe4+ 46. Kh2 1-0

[Event "Plancoet op 3rd"]
[Site "Plancoet"]
[Date "2003.07.26"]
[Round "1"]
[White "Parmentier, Xavier"]
[Black "Le Bailly, Baptiste"]
[Result "1-0"]
[WhiteElo "2347"]
[BlackElo "2113"]
[PlyCount "45"]
[EventDate "2003.07.26"]
[EventType "swiss"]
[EventRounds "9"]
[EventCountry "FRA"]
[SourceTitle "CBM 095 Extra"]
[Source "ChessBase"]
[SourceDate "2003.09.04"]
[SourceVersion "1"]
[SourceVersionDate "2003.09.04"]
[SourceQuality "1"]

1. d4 d5 2. Nf3 Nf6 3. c4 e6 4. g3 Be7 5. Bg2 0-0 6. 0-0 Ne4 7. Qc2 f5 8. b3 Nd7 9. Ba3 Bxa3 10. Nxa3 c6 11. Qb2 g5 12. Nc2 g4 13. Ne5 Nxe5 14. dxe5 h5 15. f3 Ng5 16. Rad1 b5 17. cxb5 Qb6+ 18. Qd4 Qxb5 19. f4 Ne4 20. Bxe4 fxe4 21. Qe3 Qb6 22. Nd4 c5 23. f5 1-0

[Event "Syre Memorial op 26th"]
[Site "Issy les Moulineaux"]
[Date "2003.05.29"]
[Round "1.5"]
[White "Le Bailly, Baptiste"]
[Black "Le Roux, Jean Pierre"]
[Result "0-1"]
[WhiteElo "2128"]
[BlackElo "2377"]
[PlyCount "68"]
[EventDate "2003.05.29"]
[EventType "swiss"]
[EventRounds "6"]
[EventCountry "FRA"]
[SourceTitle "CBM 094 Extra"]
[Source "ChessBase"]
[SourceDate "2003.07.09"]
[SourceVersion "2"]
[SourceVersionDate "2003.07.09"]
[SourceQuality "1"]

1. e4 g6 2. d4 Bg7 3. Nf3 d6 4. Nc3 Nf6 5. Be2 0-0 6. h3 Nc6 7. Be3 a6 8. 0-0 b5 9. a3 Nd7 10. Qc1 e5 11. Rd1 exd4 12. Nxd4 Bb7 13. Nd5 Nxd4 14. Bxd4 Re8 15. Bxg7 Kxg7 16. f3 Bxd5 17. Rxd5 Qf6 18. c4 Nc5 19. Rb1 Ne6 20. cxb5 Nf4 21. Rd2 axb5 22. Qxc7 Rac8 23. Qb6 Qg5 24. Qd4+ Re5 25. Bf1 Nxh3+ 26. Kh1 Nf4 27. Qxd6 Qh4+ 28. Kg1 Rg5 29. g4 Qg3+ 30. Bg2 h5 31. Qd4+ Kg8 32. Qf6 hxg4 33. Rbd1 Rf8 34. Rf1 Nh3+ 0-1

[Event "Plancoet op 2nd"]
[Site "Plancoet"]
[Date "2002.07.29"]
[Round "4.8"]
[White "Alanic, Xavier"]
[Black "Le Bailly, Baptiste"]
[Result "1/2-1/2"]
[WhiteElo "2132"]
[BlackElo "2050"]
[PlyCount "50"]
[EventDate "2002.07.23"]
[EventType "swiss"]
[EventRounds "9"]
[EventCountry "FRA"]
[SourceTitle "EXT 2003"]
[Source "ChessBase"]
[SourceDate "2002.11.25"]
[SourceVersion "1"]
[SourceVersionDate "2002.11.25"]
[SourceQuality "1"]

1. e4 e5 2. Bc4 d6 3. Nc3 Nf6 4. d3 Be7 5. h3 0-0 6. Nge2 c6 7. f4 d5 8. fxe5 Nxe4 9. Nxe4 dxc4 10. 0-0 cxd3 11. cxd3 c5 12. Bf4 Nc6 13. Qc2 Nb4 14. Qc1 Nxd3 15. Qe3 Nxf4 16. Rxf4 Bg5 17. Nxg5 Qxg5 18. Raf1 Be6 19. Nc3 Kh8 20. Qxc5 Bxh3 21. R4f2 Bxg2 22. Kh2 Bc6 23. Nb5 Rac8 24. Nd6 Qh5+ 25. Kg3 Qg5+ 1/2-1/2

[Event "FRA-chT3 01"]
[Site "France"]
[Date "2001.03.11"]
[Round "7"]
[White "Desbois, Antoine"]
[Black "Le Bailly, Baptiste"]
[Result "0-1"]
[WhiteElo "1900"]
[BlackElo "2070"]
[PlyCount "80"]
[EventDate "2001.??.??"]
[EventType "team"]
[EventRounds "9"]
[EventCountry "FRA"]
[SourceTitle "EXT 2002"]
[Source "ChessBase"]
[SourceDate "2001.11.25"]
[SourceVersion "1"]
[SourceVersionDate "2001.11.25"]
[SourceQuality "1"]
[WhiteTeam "Brest"]
[BlackTeam "Guingamp"]
[WhiteTeamCountry "FRA"]
[BlackTeamCountry "FRA"]

1. e4 e5 2. Nf3 Nf6 3. Nc3 Bb4 4. d3 d5 5. Bd2 0-0 6. Be2 Nc6 7. 0-0 Re8 8. Nxd5 Nxd5 9. exd5 Qxd5 10. Bxb4 Nxb4 11. Nd2 Nc6 12. Nb3 Be6 13. Qd2 Rad8 14. Bf3 Qd6 15. Rad1 b6 16. Qc3 Nd4 17. Nxd4 exd4 18. Qd2 Bd5 19. Bxd5 Qxd5 20. Qf4 Qe5 21. Qxe5 Rxe5 22. Rfe1 Rde8 23. Kf1 f6 24. Rxe5 Rxe5 25. Re1 Kf7 26. Rxe5 fxe5 27. Ke2 Ke6 28. Kf3 Kd5 29. c4+ dxc3 30. bxc3 b5 31. Ke3 c5 32. a4 bxa4 33. c4+ Kc6 34. Kd2 Kb6 35. Kc3 Ka5 36. h4 a3 37. g3 a2 38. Kb2 Kb4 39. f4 exf4 40. gxf4 a1Q+ 0-1